000 00627nam a2200217Ia 4500
005 20241129105823.0
008 241129s9999||||xx |||||||||||||| ||und||
020 _a978-93-54355-91-2
037 _aTB
040 _aARTS
_beng
_cARTS
041 _aeng
_2eng
084 _aU8.2 R2
_qARTS
100 _aBanerjee Rita Ed.
_9425890
245 0 _aIndia and the traveller: aspects of travelling identity
_cBanerjee Rita Ed.
260 _aNew Delhi, India
_bNew Bloomsbury
_c2022
300 _axi,278p.
365 _aINR
_b1299
650 _aGeographyTravel
_9726204
942 _cTB
_hU8.2 R2
999 _c1226138
_d1226138